Il grande libro delle icone russe (Record n. 29455)

Dettagli MARC
000 -LEADER
fixed length control field 00999nam a2200229Ia 4500
003 - CONTROL NUMBER IDENTIFIER
control field IT-RoPAU
005 - DATE AND TIME OF LATEST TRANSACTION
control field 20220918175756.0
008 - FIXED-LENGTH DATA ELEMENTS--GENERAL INFORMATION
fixed length control field 120407s9999 xx 000 0 und d
040 ## - CATALOGING SOURCE
Original cataloging agency IT-RoPAU
Transcribing agency IT-RoPAU
040 ## - CATALOGING SOURCE
Transcribing agency IT-RoPAU
041 ## - LANGUAGE CODE
Language code of text/sound track or separate title ita
100 ## - MAIN ENTRY--PERSONAL NAME
Personal name Ivanov, Vladimir
9 (RLIN) 34027
245 ## - TITLE STATEMENT
Title Il grande libro delle icone russe
260 ## - PUBLICATION, DISTRIBUTION, ETC. (IMPRINT)
Date of publication, distribution, etc. 1987
Place of publication, distribution, etc. Cinisello Balsamo
Name of publisher, distributor, etc. Edizioni Paoline - Patriarcato di Mosca
300 ## - PHYSICAL DESCRIPTION
Extent 227 p.
Dimensions 31 cm
300 ## - PHYSICAL DESCRIPTION
Other physical details ill.
300 ## - PHYSICAL DESCRIPTION
Dimensions 30 cm
490 ## - SERIES STATEMENT
Volume/sequential designation 1
520 ## - SUMMARY, ETC.
Summary, etc. Prefazione; L'antica pittura sacra russa dei secoli X-XII; La pittura sacra di Novgorod dei secoli XIII-XV; La pittura sacra di Pskov dei secoli XIII-XV; La pittura sacra di Mosca dei secoli XIV-XV; La pittura sacra del XVI secolo; La pittura sacra del XVII secolo; La pittura sacra del XVIII secolo; La pittura sacra del XIX secolo; La pittura sacra del XX secolo; Indice delle icone; Le icone tra Oriente e Occidente; Note bibliografiche.
942 ## - ADDED ENTRY ELEMENTS (KOHA)
Koha item type LIBRO
Source of classification or shelving scheme Dewey Decimal Classification
Dati di copia
Withdrawn status Lost status Source of classification or shelving scheme Damaged status Not for loan Home library Current library Date acquired Total Checkouts Full call number Date last seen Price effective from Koha item type Public note
    Dewey Decimal Classification Buone Condizioni Not For Loan PAULUS-BIBLIOTECA PAULUS-BIBLIOTECA 11/04/2012   EP 05A6 11/04/2012 11/04/2012 LIBRO  
    Dewey Decimal Classification Buone Condizioni Not For Loan PAULUS-BIBLIOTECA PAULUS-BIBLIOTECA 11/04/2012   EP 05A6 11/04/2012 11/04/2012 LIBRO Inserito da: LUCIA In data: 02 settembre 2011 fondo: Via A.Severo 56 Progr:12865
CREDITS: SOCIETA' SAN PAOLO Via A.Severo, 58 - ROMA (RM) & PERIODICI SAN PAOLO SRL Via Giotto, 36 MILANO & CISF Via Giotto, 36 MILANO & EDIZIONI SAN PAOLO SRL,  Piazza Soncino, 5 CINISELLO BALSAMO (MI) -- ITALY